Teoría constitucional y ciencia política /
Guardado en:
| Autor Principal: | |
|---|---|
| Formato: | Libro |
| Idioma: | Spanish |
| Publicado: |
Ciudad Autónoma de Buenos Aires :
Astrea,
2014.
|
| Edición: | 7a. ed. act. y amp. |
| Materias: | |
| Etiquetas: |
Agregar Etiqueta
Sin Etiquetas, Sea el primero en etiquetar este registro!
|
| LEADER | 00527nam a22001575a 4500 | ||
|---|---|---|---|
| 001 | DER.der014167 | ||
| 008 | 190926s2014####ag############000#0#spa#d | ||
| 005 | 20251219141207.0 | ||
| 245 | 1 | 0 | |a Teoría constitucional y ciencia política / |c Álvaro Echeverri Uruburu. |
| 250 | |a 7a. ed. act. y amp. | ||
| 260 | |a Ciudad Autónoma de Buenos Aires : |b Astrea, |c 2014. | ||
| 300 | |a 533 p. | ||
| 020 | |a 9789877060201 | ||
| 100 | 1 | |a Echeverri Uruburu, Álvaro. | |
| 653 | |a DERECHO CONSTITUCIONAL | ||
| 859 | |a DERECHO |b BIB. DERECHO |h 342 |i ECH |k 1.08 |p 009412 |t 1 | ||
